AH International Schools' Libraries

Misunderstood : (Record no. 49609)

MARC details
000 -LEADER
fixed length control field 00437nam a2200121 4500
020 ## - INTERNATIONAL STANDARD BOOK NUMBER
International Standard Book Number 9781909193857
100 ## - MAIN ENTRY--PERSONAL NAME
Personal name Crossman, Tanya.
9 (RLIN) 86724
245 ## - TITLE STATEMENT
Title Misunderstood :
Remainder of title the impact of growing up overseas in the 21st century /
Statement of responsibility, etc Tanya Crossman.
260 ## - PUBLICATION, DISTRIBUTION, ETC. (IMPRINT)
Place of publication, distribution, etc United Kingdom:
Name of publisher, distributor, etc Summertime Publishing;
Date of publication, distribution, etc 2016.
300 ## - PHYSICAL DESCRIPTION
Extent 332 p.
Dimensions 20 cm.
650 ## - SUBJECT ADDED ENTRY--TOPICAL TERM
Topical term or geographic name as entry element different cultures. Life transitions. Third culture kids.
9 (RLIN) 86725
942 ## - ADDED ENTRY ELEMENTS (KOHA)
Source of classification or shelving scheme
Koha item type NON FIC SECTION
Holdings
Withdrawn status Lost status Source of classification or shelving scheme Damaged status Not for loan Collection code Home library Current library Shelving location Date acquired Total Checkouts Full call number Barcode Date last seen Date checked out Price effective from Koha item type
          Non-Fiction Asian Hope Secondary Library Asian Hope Secondary Library SECONDARY 10/06/2025 2 304.8 CRO 208716 01/16/2026 11/21/2025 10/06/2025 NON FIC SECTION

For any Logos Library related questions please contact Miss Art at swongnarasuk@asianhope.org.

For any Asian Hope Library related questions please contact Miss Raza at graza@asianhope.org.

Click here to explore our ebooks!

Powered by Koha